| 000 | 01978nam a2200421 i 4500 | ||
|---|---|---|---|
| 001 | 196301 | ||
| 003 | ES-MaACL | ||
| 005 | 20250804062711.0 | ||
| 008 | 240906s2018 sp | |||| 000 f spa | ||
| 015 | _aMON18 | ||
| 017 |
_aB 17112-2018 _bOficina Depósito Legal Barcelona |
||
| 020 | _a9788416237289 | ||
| 035 | _a(OCoLC)1142904232 | ||
| 035 | _a(SpMaBN)a6363593 | ||
| 040 |
_aSpMaBN _bspa _cSpMaBN _erda _dES-MaACL |
||
| 080 | _a821.111-31"19" | ||
| 100 |
_aHerron, Mick _9238648 _eaut |
||
| 240 | 1 | 0 |
_aSlow Horses _lEspañol |
| 245 | 1 | 0 |
_aCaballos lentos / _cMick Herron ; traducción del inglés de Enrique de Hériz |
| 250 | _a1ª edición, septiembre de 2018 | ||
| 264 | 1 |
_aBarcelona : _bSalamandra, _c[2018] |
|
| 300 |
_a380 páginas ; _c22 cm |
||
| 336 |
_aTexto _2rdacontent |
||
| 337 |
_asin mediación _2rdamedia |
||
| 338 |
_avolumen _2rdacarrier |
||
| 490 | 1 |
_aJackson Lamb ; _v1 |
|
| 490 | 1 | _aBlack Salamandra | |
| 520 | _aEl reino del irreverente y sarcástico Jackson Lamb está en Londres y se llama Casa de la Ciénaga, un vertedero al que van a parar los miembros de los servicios secretos que han cometido un error, ya sea olvidar un documento en un tren, despistarse en una ronda de vigilancia o volverse poco fiables a causa del alcohol. Sus colegas los denominan «caballos lentos», son los parientes pobres del espionaje británico y todos comparten las ganas de salir de allí a cualquier precio y volver a la acción. | ||
| 655 | 0 |
_aNovelas _9234319 |
|
| 700 |
_aHériz, Enrique de, _d1964-2019 _etrl _9184320 |
||
| 852 |
_aES-MaACL _cDEPOJ _jN-10121 _hDonación: José Lázaro García _xEncuadernación rústica con solapas _9206255 |
||
| 903 |
_9234219 _aLázaro García, José _ednr |
||
| 942 |
_cMONOGRAFIA _n0 |
||
| 999 |
_c196301 _d196301 |
||